LIBRARY & INFORMATION CENTRE, KCAET, TAVANUR

ONLINE PUBLIC ACCESS CATALOGUE (OPAC)

Computer programming in BASIC: a guide to programming micro computers and mini computers / (Record no. 9701)

MARC details
000 -LEADER
fixed length control field 00472cam a2200169ua 4500
041 ## - LANGUAGE CODE
Language code of text/sound track or separate title eng
082 ## - DEWEY DECIMAL CLASSIFICATION NUMBER
Classification number 005.133
Item number HAS/CO
100 ## - MAIN ENTRY--AUTHOR NAME
Personal name Hasan, M.M .
245 ## - TITLE STATEMENT
Title Computer programming in BASIC: a guide to programming micro computers and mini computers /
260 ## - PUBLICATION, DISTRIBUTION, ETC. (IMPRINT)
Place of publication Delhi :
Name of publisher Dhanpath Rai and sons ,
Year of publication 1983.
300 ## - PHYSICAL DESCRIPTION
Number of Pages 361 ; .
942 ## - ADDED ENTRY ELEMENTS (KOHA)
Koha item type Books
Holdings
Withdrawn status Lost status Damaged status Home library Current library Date acquired Full call number Accession Number Koha item type
      KAUAET KAUAET 07/04/2012 005.133 16557 Books
free website counter